Tập bài giảng xã hội học

שמור ב:
מידע ביבליוגרפי
מחבר ראשי: Ngọ, Văn Nhân
פורמט: ספר
שפה:Undetermined
יצא לאור: Hà Nội Công an nhân dân 2006
נושאים:
תגים: הוספת תג
אין תגיות, היה/י הראשונ/ה לתייג את הרשומה!
Thư viện lưu trữ: Trung tâm Học liệu Trường Đại học Cần Thơ
LEADER 00513nam a2200193Ia 4500
001 CTU_110828
008 210402s9999 xx 000 0 und d
020 |c 54000 
082 |a 301 
082 |b Nh121 
100 |a Ngọ, Văn Nhân 
245 0 |a Tập bài giảng xã hội học 
245 0 |c Ngọ Văn Nhân 
260 |a Hà Nội 
260 |b Công an nhân dân 
260 |c 2006 
650 |a Sociology 
904 |i Minh 
980 |a Trung tâm Học liệu Trường Đại học Cần Thơ